00820nam a22002297a 450000500170000001000150001702000260003203500130005803700130007108200080008410000180009224500810011026000410019127000520023230000210028450000520030560000320035765000410038994200220043099900170045295201210046920150717105212.0 aENG-113227 a9789380828626c325.00 aEN-96759 bDBAD/PUB a920 aAguiar, Benny aIndira Gandhi :cBy Benny Aguiarba political biography from 1966 to 1984 / aNew Delhi bVitasta Publishingc2012 a2/15, Ansari Road, DaryaganjbNew Delhie110002 a214p.c22cm(pbk) a Includes bibliographical references and index. aGandhi, Indira,d1917-1984. aPrime ministers zIndia vBiography. 2ddccENmGANh920 c93945d93945 001040718NFICaDBADbDBADd2015-05-26eDBAD/PUBg325.00l0o920 GANpEN-96759r2015-05-26 00:00:00t1v325.00yEN